01727nam a2200445 i 450000100060000000300080000600500170001400600190003100700150005000800410006502000270010603500230013303500240015603500250018003500210020504000310022605000210025708000110027808200140028910000150030324500720031826400520039030000580044233600310050033700330053133800430056449000680060750000230067550400290069858801250072759001640085265000220101665000270103865000220106565500270108779700190111483000690113385600620120299900170126442794FlNmELB20241216222056.0m o d | cr cnu||||||||150410s2011 cl a ob 001 0 spa d a9789563060737 (e book) a(MiAaPQ)EBC3196846 a(Au-PeEL)EBL3196846 a(CaPaEBR)ebr10526845 a(OCoLC)992114768 aFINmELBbspaerdacFINmELB 4aQA184bG463 2011 a512.640 a512.52231 aGil, Omar.10aExcursiones por el álgebra lineal y sus aplicaciones /cOmar Gil. 1aSantiago de Chile :bJ.C. Sáez Editor,c2011. a1 recurso en línea (191 páginas) :bilustraciones atextobtxt2rdacontent/spa acomputadorabc2rdamedia/spa arecurso en líneabcr2rdacarrier/spa1 aHerramientas para la formación de profesores de matemáticas aContiene índice. aContiene bibliografía. aDescripción basada en recurso en línea; Título de la página del título en PDF (e-libro, visto April 10, 2015). aRecurso electrónico. Santa Fe, Arg.: e-libro, 2015. Disponible vía World Wide Web. El acceso puede estar limitado para las bibliotecas afiliadas a e-libro. 0aAlgebras, Linear. 0aTeachersxTraining of. 4aÁlgebra lineal. 4aLibros electrónicos.2 ae-libro, Corp. 0aHerramientas para la formación de profesores de matemáticas.40uhttps://elibro.net/ereader/politecnicointernacional/68435 c42794d42794